Two And A Half Men Characters - Statistics

General Stats
  • This quiz has been taken 348 times
  • The average score is 11 of 20
Answer Stats
Hint Answer % Correct
Brother of the above Alan
100%
Owns Malibu beach house Charlie
100%
Moronic son of Alan Jake
97%
Girlfriend/Stalker of Charlie Rose
97%
Beach house housekeeper Berta
92%
Ex-Wife of a main character Judith
92%
Mother of 2 of the main characters Evelyn
76%
Marries woman above in Season 4 Herb
74%
Season 6 & 7 girlfriend of Charlie Chelsea
70%
Moves into the beach house in Season 9 Walden
68%
2nd wife of a main character Kandi
54%
Person above owns this cat Sir Lancelot
37%
Charlie’s favorite pizza man Gordon
36%
Mother of the above Mandi
29%
Girlfriend of a main character toward the shows end Lyndsey
20%
Son of the above Eldridge
19%
Replaces Jake as the shows “Half Man” Louis
14%
Housekeeper’s daughter who dates Alan Naomi
12%
Boyfriend of the above Ed
8%
Father of Charlie’s season 6/7 girlfriend Tom
4%
No matching quizzes found
Score Distribution
Percent of People with Each Score
Percentile by Number Answered
Your Score History
You have not taken this quiz